000 01036nam a2200253Ia 4500
008 130821s2011 ck a gr spa
020 _a9789589981429
040 _aCo-BoUCM
_bspa
041 0 0 _aspa
060 _aWK 810
245 0 0 _aFascículo diabetes
_ccoordinación general Dr. Enrique Ardila Ardila, cordinación fascículo Dr Álvaro José Fortich Revollo ; material editado por Producciones Científicas Ltda.
246 _aDiabetes
260 _aBogotá (Colombia)
_bProducciones Científicas Ltda
_c2011
300 _a78 páginas
_bilustraciones, gráficas
490 0 _aFascículos de Endocrinología
_v2
504 _aIncluye referencias bibliográficas e índice.
650 0 4 _aDiabetes
_913121
650 0 4 _aEndocrinología
_9183
700 1 _aArdila Ardila, Enrique
_ecoord.
_9126990
700 1 _aFortich Revollo, Álvaro
_ecoord.
_9159267
710 2 _aAsociación Colombiana de Endocrinología
_970053
710 2 _aProducciones Científicas Ltda
_eed.
_940976
942 _cLIBRO
_2NLM
_a15
_e1
_hWK 810
_mF248d
999 _c37018
_d37018